• 首页
  • 本馆介绍
  • 公告通知
  • 最新文献
  • 馆藏检索
  • 电子资源
  • 读者导购
  • 参考咨询
  • 我的图书馆
  • 登录
  • 详细信息显示
  • 放入我的书架
  • 预约/预借图书
  • 作者相关作品
  • 分类相关作品
  • 丛书相关作品
  • 出版社相关作品

书目信息

  • 表格格式
  • 工作单格式
  • 卡片格式
题名:
中国农民战争史研究
    
 
作者: 中国农民战争史研究会 编
分册: 第三辑  
出版信息: 上海   上海人民出版社  1983
页数: 196页
开本: 26cm
丛书名:
单 册:
中图分类: K201
科图分类:
主题词: 中国--通史
电子资源:
ISBN:
000 00632nam0 2200205 45
001 0312221749
005 20060421103623.03
010    @dCNY1.00
091    @a11074.544
100    @a20031222d1983 km y0chiy0120 ea
101    @achi
200 1  @a中国农民战争史研究@AZhong Guo Nong Min Zhan Zheng Shi Yan Jiu@e集刊@h第三辑@f中国农民战争史研究会编@FZhong Guo Nong Min Zhan Zheng Shi Yan Jiu Hui Bian@EJi Kan
210    @a上海@c上海人民出版社@d1983
215    @a196页@d26cm
517    @a集刊@AJi Kan
606 0  @a中国@x通史
690    @aK201@v3
701 0  @a中国农民战争史研究会@4编
801    @aCN@bTSTCL@c20060421
905    @dK201@e1:3
    
    中国农民战争史研究:集刊.第三辑/中国农民战争史研究会编.-上海:上海人民出版社,1983
    196页;26cm
    
    
    ISBN :CNY1.00
    
●
相关链接 在E读中查询图书 在五车中查询图书 在当当中查询图书 在豆瓣中查询图书


正题名:中国农民战争史研究     索取号:K201/1:3         预约/预借

序号 登录号 条形码 馆藏地/架位号 状态 备注
1 0101879   202279505   密集书库/ [索取号:K201/1:3] 在馆    
唐山师范学院图书馆 欢迎您!
大连网信软件有限公司© 版权所有